Vybrané súvislosti implementácie spoločnej poľnohospodárskej politiky EÚ v podmienkach SR

Salvato in:
Dettagli Bibliografici
Autore principale: Janok, Michal
Altri autori: Ančicová, Martina
Natura: Capitolo di libro
Lingua:slovacco
Soggetti:
Tags: Aggiungi Tag
Nessun Tag, puoi essere il primo ad aggiungerne!!

MARC

LEADER 00000naa$a2200000$$$4500
001 0050736
005 20240502071602.6
041 0 |a slo 
044 |a SK 
245 1 0 |a Vybrané súvislosti implementácie spoločnej poľnohospodárskej politiky EÚ v podmienkach SR  |c Michal Janok, Martina Ančicová 
610 2 0 |a eurozóna 
610 2 0 |a Slovensko 
610 2 0 |a štruktúra sociálna 
610 2 0 |a poľnohospodárstvo 
610 2 0 |a vidiek 
610 2 0 |a politika poľnohospodárska 
100 1 |a Janok, Michal 
700 1 |a Ančicová, Martina